| 000 | 00741nam a2200205 i 4500 | ||
|---|---|---|---|
| 001 | 26695 | ||
| 003 | ES-MaACL | ||
| 005 | 20240203062542.0 | ||
| 007 | t| | ||
| 008 | 030110s1857 sp ||||1| spa d | ||
| 080 | _a159.928 | ||
| 100 | 1 |
_aAsuero y Cortázar, Vicente. _923709 |
|
| 245 | 1 | 1 |
_a¿Nacen todos los hombres con las mismas facultades e igualmente aptos para el estudio o el cultivo de todas las ciencias y las artes? : _bdiscurso pronunciado en la Universidad Central en 1855 / _cVicente Asuero y Cortázar. |
| 260 |
_aMadrid : _bDucazcal, _c1857. |
||
| 650 | 4 |
_aAptitudes. _99925 |
|
| 650 | 4 |
_aInteligencia. _913860 |
|
| 710 | 2 |
_aUniversidad Central (Madrid) _97084 |
|
| 852 | 4 |
_aES-MaACL _jT-30-F-1 |
|
| 999 |
_c26695 _d26695 |
||